000 00419nam a2200169Ia 4500
008 230711s9999||||xx |||||||||||||| ||und||
020 _a978-81-265-0934-8
041 _aENG
082 _a621.40225
_bBE-C
100 _aBejan,Adrian
245 0 _aConvection Heat Transfer
250 _a3rd Ed.
260 _c2015
_aNew Delhi
_bWiley India Pvt.Ltd
300 _a694p.
650 _aMechanical Engineering
942 _cBK
999 _c6631
_d6631